Undertale General Knowledge #2 - Statistics

General Stats
  • This quiz has been taken 1,378 times
    1,211 since last reset
  • The average score is 11 of 15
Answer Stats
Question Answer % Correct
Who was the king of the underworld? Asgore
99%
Who was the queen of the Underworld? Toriel
99%
Who loves ketchup? Sans
88%
Who is responsible for creating Flowey? Alphys
79%
What is Asriel's theme song? Hopes and Dreams/SAVE the World
78%
What is Mettaton EX's name in the Genocide Route? Mettaton NEO
77%
Which dog stretches it's neck when you pet it? Lesser Dog
72%
Which dog absorbs items? Annoying Dog
70%
Which dog is encountered once in Snowdin? Greater Dog
70%
Who makes Glamburgers? Burgerpants
67%
What is Undyne the Undying's boss theme? Battle Against A True Hero
65%
What is the theme of Napstablook's fight? Ghost Fight
61%
What is the female Dogi's name? Dogaressa
54%
What is the name of the Mad Dummy in the Genocide Route? Glad Dummy
54%
What is the male Dogi's name? Dogamy
53%
No matching quizzes found
Score Distribution
Percent of People with Each Score
Percentile by Number Answered
Your Score History
You have not taken this quiz since the last reset